Life is Sweet /

Guardat en:
Dades bibliogràfiques
Autor principal: Leigh, Mike (realización)
Altres autors: Leigh, Mike (guión) (guión), Pope, Dick (fotógrafo) (fotógrafo), Hemming, Lindy (vestuario) (vestuario), Gregory, Jon (montaje) (montaje), Portman, Rachel (música) (música), Steadman, Alison (actuación) (actuación), Broadbent, Jim (actuación) (actuación), Skinner, Claire (actuación) (actuación), Leigh, Mike (comentarios) (comentarios), Leigh, Mike (introducción) (introducción), Leigh, Mike (idea original) (idea original), Tufano, Brian (fotógrafo) (fotógrafo), Lovett, Chris (montaje) (montaje), Norville, Herbert (actuación) (actuación), Colvill, Billy (actuación) (actuación), Carrick, Anthony (actuación) (actuación), Sterritt, David (texto del folleto) (texto del folleto)
Format: Diapositiva
Idioma:anglès
Publicat: Londres, Inglaterra : Channel Four Films : BBC, c1975-1990
Col·lecció:(Criterion Collection ; 659)
Matèries:
Etiquetes: Afegir etiqueta
Sense etiquetes, Sigues el primer a etiquetar aquest registre!

MARC

LEADER 00000ngm^a2200000^a^4500
001 000396343
005 20251020000000.0
009 20260526143359.043
020 |a 978-1-60465-721-0 
037 |a Acervo ITESO - Biblioteca 
041 |a ING 
082 |a 808. 8  |b CRI V. 659 
100 |a Leigh, Mike  |e (realización) 
240 1 1 |a [Dulce vida (1990), de Mike Leigh] 
245 1 0 |a Life is Sweet /  |c Realización de M. Leigh. 
246 2 |a Título en México: Dulce vida 
246 2 |a Título alternativo en español (Argentina): La vida es formidable 
246 2 |a Título alternativo en español (España): La vida es dulce 
264 4 |a Londres, Inglaterra :  |b Channel Four Films :  |b BBC,  |c c1975-1990 
264 2 |a Nueva York, EUA :  |b Criterion Collection [distribución],  |c 2013, c2013 
300 |a 1 DVD región 1 (103, 61, 28 min.) :  |b color +  |e 1 folleto (20 p.) 
336 |a imagen móvil bidimensional  |b tdi  |2 rdacontenido 
337 |a video  |b v  |2 rdamedio 
338 |a videodisco  |b vd  |2 rdasoporte 
440 1 |a (Criterion Collection ;  |v 659) 
546 |a En inglés, con subtítulos opcionales: inglés 
586 |a Premio Bodil, de la Asociación Danesa de Críticos de Cine (45°: 1992): Mejor Película Europea (ganadora) 
586 |a Premio Spirit, del Cine Independiente Norteamericano (7º: 1992): Mejor Película Extranjera (finalista) 
586 |a Mejores Películas del Cine Británico del Siglo XX: Encuesta del Instituto Británico de Cine (1999): 95ª 
649 |a XX 
650 |a Cineastas Ingleses -  |x Entrevistas 
650 |a Emprendedores (Empresarios) en el Cine 
650 |a Empresa Familiar en el Cine 
650 |a Pequeña Empresa en el Cine 
650 |a Familia en el Cine 
650 |a Familia Disfuncional -  |z Inglaterra -  |x Condiciones Sociales y Culturales 
650 |a Proletariado en el Cine 
650 |a Proletariado -  |z Inglaterra -  |x Condiciones Sociales y Culturales -  |x Tema Principal 
650 |a Clase Media en el Cine 
650 |a Clase Media -  |z Inglaterra -  |x Condiciones Sociales y Culturales -  |x Tema Principal 
650 |a Comedias Cinematográficas 
650 |a Cine Social y Político 
650 |a Cortometrajes y Mediometrajes Ingleses 
650 |a Cine Independiente -  |z Inglaterra 
650 |a Cine Inglés -  |y 1970-1979 
650 |a Cine Inglés -  |y 1990-1999 
650 |a Cine Inglés -  |y Siglo XX 
650 |a Avaricia y Ambición 
650 |a Bulimia 
650 |a Relaciones Familiares -  |x Tema Principal 
650 |a Conflicto (Relaciones Personales) 
650 |a Vida Cotidiana 
650 |a Optimismo -  |x Tema Principal 
650 |a Cafeterías y Restaurantes en el Cine 
650 |a Leigh, Mike 
700 |a Leigh, Mike  |e (guión) 
700 |a Pope, Dick  |e (fotógrafo) 
700 |a Hemming, Lindy  |e (vestuario) 
700 |a Gregory, Jon  |e (montaje) 
700 |a Portman, Rachel  |e (música) 
700 |a Steadman, Alison  |e (actuación) 
700 |a Broadbent, Jim  |e (actuación) 
700 |a Skinner, Claire  |e (actuación) 
700 |a Leigh, Mike  |e (comentarios) 
700 |a Leigh, Mike  |e (introducción) 
700 |a Leigh, Mike  |e (idea original) 
700 |a Tufano, Brian  |e (fotógrafo) 
700 |a Lovett, Chris  |e (montaje) 
700 |a Norville, Herbert  |e (actuación) 
700 |a Colvill, Billy  |e (actuación) 
700 |a Carrick, Anthony  |e (actuación) 
700 |a Sterritt, David  |e (texto del folleto) 
740 0 |a Mike Leigh at the National Film Theatre / 
740 0 |a Five-Minute Films :  |b Probation /  |c Realización de M. Leigh ; introd. de M. Leigh. 
740 0 |a Five-Minute Films :  |b The Birth of the Goalie of the 2001 F.A. Cup Final /  |c Realización de M. Leigh ; introd. de M. Leigh. 
740 0 |a Five-Minute Films :  |b Old Chums /  |c Realización de M. Leigh ; introd. de M. Leigh. 
740 0 |a Five-Minute Films :  |b A Light Snack /  |c Realización de M. Leigh ; introd. de M. Leigh. 
740 0 |a Five-Minute Films :  |b Afternoon /  |c Realización de M. Leigh ; introd. de M. Leigh. 
740 0 |a Life is Bitter-Sweet /  |c Texto del folleto de D. Sterritt. 
910 |a Fondo General 
920 |a Audiovisuales - DVDs 
940 |a Películas 
905 |a 308 
901 |a 0500291781  |b IT2  |c DVR  |i C155166  |u 20250521 
901 |a 0500291782  |b IT2  |c MIN  |u 20251020 
902 |a https://opac.biblio.iteso.mx/vufind/Record/000396343